| 000 | 01116cam a2200349 i 4500 | ||
|---|---|---|---|
| 001 | 37059 | ||
| 003 | Mx-PuUPA | ||
| 005 | 20260106100719.0 | ||
| 008 | 140415s1990 sp gr 000 f spa d | ||
| 017 | _aB-39.353-1990 | ||
| 020 | _a8432993360 | ||
| 040 |
_aMx-PuUPA _bspa _cMx-PuUPA _dMx-PuUPA _erda |
||
| 041 | 0 | _aspa | |
| 100 | 1 |
_aFullat Genís, Octavio, _d1928- _95244 _eautor |
|
| 245 | 1 | 0 |
_aViaje inacabado : _bla axiología educativa en la postmodernidad / _cOctavi Fullat |
| 250 | _aPrimera edición | ||
| 264 | 1 |
_aBarcelona, España : _bEdiciones CEAC, _c1990 |
|
| 300 |
_a208 páginas ; _c21 cm |
||
| 336 |
_2rdacontent _atexto _btxt |
||
| 337 |
_2rdamedia _asin medio _bn |
||
| 338 |
_2rdacarrier _avolumen _bnc |
||
| 490 | 0 | _aEduación y Enseñanza | |
| 490 | 0 | _aMonográfica | |
| 650 | 7 |
_2armarc _aAxiología |
|
| 650 | 7 |
_2armarc _aFilosofía de la educación |
|
| 650 | 7 |
_2armarc _aAntropología Pedagógica |
|
| 650 | 7 |
_2armarc _aValores (Educación) |
|
| 650 | 7 |
_2armarc _aPostmodernidad |
|
| 942 |
_2ddc _cLI _h370.1 _iF62 |
||
| 999 |
_c37059 _d37059 |
||